Blind justice (Record no. 766)

MARC details
000 -LEADER
fixed length control field 01809cgm a2200445Ma 4500
001 - CONTROL NUMBER
control field ocn221681981
003 - CONTROL NUMBER IDENTIFIER
control field OCoLC
005 - DATE AND TIME OF LATEST TRANSACTION
control field 20100817010122.0
007 - PHYSICAL DESCRIPTION FIXED FIELD--GENERAL INFORMATION
fixed length control field vf cbahou
008 - FIXED-LENGTH DATA ELEMENTS--GENERAL INFORMATION
fixed length control field 941111s1987 enk033 e vaeng d
035 ## - SYSTEM CONTROL NUMBER
System control number (OCoLC)221681981
040 ## - CATALOGING SOURCE
Original cataloging agency AU@
Language of cataloging eng
Transcribing agency AU@
Modifying agency OCLCQ
049 ## - LOCAL HOLDINGS (OCLC)
Holding library SZTA
082 04 - DEWEY DECIMAL CLASSIFICATION NUMBER
Classification number 346.0134
Edition number 20
245 00 - TITLE STATEMENT
Title Blind justice
Medium [videorecording].
246 3# - VARYING FORM OF TITLE
Title proper/short title All men are created equal
246 3# - VARYING FORM OF TITLE
Title proper/short title For your own protection
246 3# - VARYING FORM OF TITLE
Title proper/short title Murders most foul
246 3# - VARYING FORM OF TITLE
Title proper/short title Some protection
246 3# - VARYING FORM OF TITLE
Title proper/short title Someone must be trusted
246 3# - VARYING FORM OF TITLE
Title proper/short title Women and the law
260 ## - PUBLICATION, DISTRIBUTION, ETC. (IMPRINT)
Place of publication, distribution, etc [England] :
Name of publisher, distributor, etc Smoothcloud Ltd. for Channel Four Television,
Date of publication, distribution, etc c1987.
300 ## - PHYSICAL DESCRIPTION
Extent 1 videocassette (VHS) (ca. 33 min.) :
Other physical details sd., col. ;
Dimensions 1/2 in.
500 ## - GENERAL NOTE
General note "JB001."
500 ## - GENERAL NOTE
General note Container title of pt. 4: Some protection.
500 ## - GENERAL NOTE
General note Distributed by: Video Classroom.
500 ## - GENERAL NOTE
General note Subtitle on container: Women and the law.
505 0# - FORMATTED CONTENTS NOTE
Formatted contents note All men are created equal -- Someone must be trusted --Murders most foul -- For your own protection.
508 ## - CREATION/PRODUCTION CREDITS NOTE
Creation/production credits note Producer, Orly Bat Carmel; directors, Monique Renault, Gillian Lacey, Christine Roche, Marjut Rimminen.
520 ## - SUMMARY, ETC.
Summary, etc A four part animated series on women and the law. Part 1 traces the origins of modern Western law to classical Greece, part 2 concentrates on bias in courts, part 3 exposes a villian who gets away with murder, and part 4 shows the effect of imprisonment on young girls.
650 #0 - SUBJECT ADDED ENTRY--TOPICAL TERM
Topical term or geographic name as entry element Women
General subdivision Legal status, laws, etc.
700 1# - ADDED ENTRY--PERSONAL NAME
Personal name Carmel, Orly Bat.
700 1# - ADDED ENTRY--PERSONAL NAME
Personal name Lacey, Gillian.
700 1# - ADDED ENTRY--PERSONAL NAME
Personal name Renault, Monique.
700 1# - ADDED ENTRY--PERSONAL NAME
Personal name Rimminen, Marjut.
700 1# - ADDED ENTRY--PERSONAL NAME
Personal name Roche, Christine,
Dates associated with a name 1939-
710 2# - ADDED ENTRY--CORPORATE NAME
Corporate name or jurisdiction name as entry element Channel Four (Great Britain)
710 2# - ADDED ENTRY--CORPORATE NAME
Corporate name or jurisdiction name as entry element Smoothcloud Ltd.
710 2# - ADDED ENTRY--CORPORATE NAME
Corporate name or jurisdiction name as entry element Video Classroom (Firm : Vic.)

No items available.

African Court on Human and Peoples' Rights | For Inquiries Contact » +255 272 510 510